Tourism, ethnic diversity and the city / (Record no. 7928)

MARC details
000 -LEADER
fixed length control field 00610cam a22002052 4500
001 - CONTROL NUMBER
control field 0000009495
005 - DATE AND TIME OF LATEST TRANSACTION
control field 20151217152055.0
008 - FIXED-LENGTH DATA ELEMENTS--GENERAL INFORMATION
fixed length control field 081031s xx 000 0 eng d
020 ## - INTERNATIONAL STANDARD BOOK NUMBER
International Standard Book Number 0415333900 :
Terms of availability Donation
040 ## - CATALOGING SOURCE
Original cataloging agency KABU
Transcribing agency KABU
245 10 - TITLE STATEMENT
Title Tourism, ethnic diversity and the city /
Statement of responsibility, etc. edited by Jan Rath.
260 ## - PUBLICATION, DISTRIBUTION, ETC. (IMPRINT)
Place of publication, distribution, etc. London :
Name of publisher, distributor, etc. Routledge,
Date of publication, distribution, etc. 2007.
300 ## - PHYSICAL DESCRIPTION
Extent xviii, 222 p.
650 #0 - SUBJECT ADDED ENTRY--TOPICAL TERM
Topical term or geographic name as entry element Tourism.
-- 0000149683
650 #0 - SUBJECT ADDED ENTRY--TOPICAL TERM
Topical term or geographic name as entry element Ethnic groups
General subdivision Economic aspects.
-- 0000161016
700 1# - ADDED ENTRY--PERSONAL NAME
Personal name Rath, Jan.
-- 0000161017
908 ## - PUT COMMAND PARAMETER (RLIN)
Put command parameter 081031
950 ## - LOCAL HOLDINGS (RLIN)
-- 1
Holdings
Withdrawn status Lost status Source of classification or shelving scheme Not for loan Home library Current library Date acquired Total Checkouts Full call number Barcode Date last seen Price effective from Koha item type
    Library of Congress Classification   Kabarak, Main Campus Kabarak, Main Campus 17/12/2015   G155 .A1T68 c. 1 15128 17/12/2015 17/12/2015 General Collection
Designed with assistance from East African Informatics Ltd